Statistics for Least Populated Countries By Flag

Click here to take the quiz!

General Stats

  • This quiz has been taken 22 times
  • The average score is 17 of 20

Answer Stats

Answer% Correct
San Marino
95%
Antigua and Barbuda
90%
Liechtenstein
90%
Monaco
90%
Seychelles
90%
Tonga
90%
Vatican City
90%
Kiribati
85%
Palau
85%
Tuvalu
85%
Andorra
80%
Dominica
80%
F.S. of Micronesia
80%
Nauru
80%
Samoa
80%
Grenada
75%
St. Lucia
75%
St. Vincent and the Grenadines
75%
Marshall Islands
70%
Saint Kitts and Nevis
70%

Score Distribution

Percentile by Number Answered

Percent of People with Each Score

Your Score History

You have not taken this quiz